Statistics for European Capitals

Click here to take the quiz!

General Stats

  • This quiz has been taken 21 times
  • The average score is 28 of 36

Answer Stats

HintAnswer% Correct
GermanyBerlin
100%
United KingdomLondon
100%
FranceParis
100%
ItalyRome
100%
SwitzerlandBern
95%
IrelandDublin
95%
LuxembourgLuxembourg
95%
SpainMadrid
95%
Vatican CityVatican City
95%
PolandWarsaw
95%
NetherlandsAmsterdam
90%
GreeceAthens
90%
PortugalLisbon
90%
MonacoMonaco
90%
San MarinoSan Marino
90%
AustriaVienna
90%
BelgiumBrussels
86%
Czech RepublicPrague
86%
HungaryBudapest
81%
UkraineKiev
81%
TurkeyAnkara
76%
LatviaRiga
76%
BelarusMinsk
71%
BulgariaSofia
71%
SerbiaBelgrade
67%
BosniaSarajevo
67%
EstoniaTallinn
67%
SlovakiaBratislava
62%
RomaniaBucharest
62%
CroatiaZagreb
62%
SloveniaLjubljana
57%
KosovoPristina
52%
AlbaniaTirana
52%
LithuaniaVilnius
52%
AndorraAndorra la Vella
43%
MoldovaChisinau
43%

Score Distribution

Percentile by Number Answered

Percent of People with Each Score

Your Score History

You have not taken this quiz